000 00543nam a2200181 4500
999 _c168929
_d168929
005 20191031154709.0
010 _aENG-126767
020 _a9789386807007
_c795.00
035 _aEN-110299
037 _bDBAD/PUB
082 _a370.1
100 _aArti Kumari
245 _aPhilosophy of education /
_cby Arti Kumari
260 _aDelhi
_bBook Shores
_c2018
270 _aB-16, Subhavana Niketan
_bPitampura, Delhi
_e110034
_k23276863
_mbookshoresdelhi@gmail.com
300 _a172p.
_c24cm(Hb)
942 _2ddc
_cEN
_h370.1
_mART